| 000 | 00870nam a2200205 a 4500 | ||
|---|---|---|---|
| 003 | 0 | ||
| 005 | 20250422140619.0 | ||
| 008 | 970114s19uu xx 00 eng d | ||
| 050 |
_aPGS GV 363 _b.N236 2003 |
||
| 100 | _aNartates, Karl Anthony L. | ||
| 245 |
_aA study on the Need to Extend Physical Education Classes in Grade Six Southville International School Students / _cKarl Anthonyt L. Nartates. |
||
| 260 |
_aLas PiƱas City, Philippines : _bSouthville International School and Colleges, _c2003. |
||
| 300 |
_a24 pages : _billustrations ; _c28 cm. |
||
| 504 | _aIncludes bibliographical references. | ||
| 650 |
_aPhysical education and training _vStudy and teaching (Elementary). |
||
| 650 | _aPhysical fitness for children. | ||
| 650 |
_aPhysical education for children _vEvaluation. |
||
| 650 |
_aCurriculum planning _vPhysical education. |
||
| 942 |
_2lcc _cPASS |
||
| 999 |
_c96899 _d96899 |
||